La classification du vivant - Statistiques

Statistiques générales
  • Ce quiz a été pris 245 fois
  • Le résultat moyen est 9 sur 15
Statistiques - réponses
Exemple : le chien Catégorie Exemple : la mouche grise % Correct
Canis lupus Espèce Sarcophaga carnaria
95%
Canidés Famille Sarcophagidae
86%
Canis Genre Sarcophaga
78%
Animaux Règne Animaux
76%
Carnivores Ordre Diptères
72%
Mammifères Classe Insectes
71%
Canis lupus familiaris Sous-espèce
67%
Chordata Embranchement (ou division) Arthropodes
57%
Eucaryotes Empire (ou domaine) Eucaryotes
56%
Canifornia Sous-ordre Brachycères
53%
Sous-classe Ptérygotes
50%
Vertébrés Sous-embranchement (ou sous-division) Hexapodes
35%
Superfamille Sarcophagoidea
31%
Super-ordre Endoptérygotes
30%
Infra-Ordre Muscomorpha
24%
Aucun quiz correspondant
Distribution des résultats
% des personnes avec chaque résultat
Percentile par nombre de réponses
Votre historique - résultats
Vous n’avez pas pris ce quiz